000 00634nam a2200229Ia 4500
003 OSt
005 20221006165107.0
006 a|||||r|||| 00| 0
007 ta
008 221006b |||||||| |||| 00| 0 hin d
024 _a6,279
037 _cTextual
040 _aFML
_cFML
_bhin
041 _2hin
_ahin
082 _aNRm44,N35, 152L3
100 _aSangeet Karyalaya Ed.
245 0 _aSangeet
_b Filmi Shastriya Geet Ank
260 _aHathras
_bSangeet Karyalaya India
_c1973
300 _a239
_ccm.
942 _hNRm44,N35, 152L3
_cTEXL
_2CC
999 _c1119568
_d1119568